000 00797pam a22002534a 4500
001 14906073
005 20250207162402.0
008 070627s2007 moua b 001 0 eng
020 _a9780323039062 (pbk.)
020 _a0323039065 (pbk.)
050 0 0 _aRC440
_b.K36 2007
082 0 0 _a616.89/0231
_222
100 1 _aKeltner, Norman L.
245 1 0 _aPsychiatric nursing /
_cNorman L. Keltner, Lee Hilyard Schwecke, Carol E. Bostrom.
250 _a5th ed.
260 _aSt. Louis :
_bMosby/Elsevier,
_cc2007.
300 _axiv, 719 p. :
_bill. (some col.) ;
_c26 cm. +
_e1 CD-ROM (4 3/4 in.)
650 0 _aPsychiatric nursing.
650 0 _aPsychotherapy.
650 0 _aNurse and patient.
700 1 _aSchwecke, Lee Hilyard.
700 1 _aBostrom, Carol E.
942 _2lcc
_cBK
_e5th ed.
_n0
999 _c3555
_d3555